Countries Bordering the Indian Ocean - Statistics

General Stats
  • This quiz has been taken 77 times
  • The average score is 32 of 36
Answer Stats
Hint Answer % Correct
Asia India
97%
Africa Somalia
97%
Asia Indonesia
96%
Asia Oman
96%
Africa South Africa
96%
Asia Yemen
96%
Oceania Australia
94%
Africa Egypt
94%
Africa Kenya
94%
Asia Pakistan
94%
Africa Tanzania
94%
Asia Thailand
94%
Asia United Arab Emirates
94%
Asia Iran
93%
Africa Mozambique
93%
Asia Myanmar
93%
Asia Saudi Arabia
93%
Africa Djibouti
91%
Asia Iraq
91%
Asia Maldives
91%
Asia Sri Lanka
91%
Asia Bahrain
90%
Asia Malaysia
90%
Asia Qatar
90%
Asia Bangladesh
88%
Africa Eritrea
88%
Asia Kuwait
88%
Asia Singapore
87%
Africa Madagascar
86%
Africa Seychelles
86%
Africa Comoros
84%
Africa Mauritius
84%
Africa Sudan
83%
Asia East Timor
78%
Asia Israel
77%
Asia Jordan
75%
No matching quizzes found
Score Distribution
Percent of People with Each Score
Percentile by Number Answered
Your Score History
You have not taken this quiz